Welcome to the Holygrace Academy Library

Please use search bar below to get started

THE SEVEN HABITS OF HIGHLY EFFECTIVE TEENAGERS (Record no. 5078)

MARC details
000 -LEADER
fixed length control field 00324nam a22001337a 4500
020 ## - INTERNATIONAL STANDARD BOOK NUMBER
ISBN 978-0-7434-8426-8
082 ## - DEWEY DECIMAL CLASSIFICATION NUMBER
Classification number 158
Item number CON/S
100 ## - MAIN ENTRY--AUTHOR NAME
Personal name COVEY,SEAN
245 ## - TITLE STATEMENT
Title THE SEVEN HABITS OF HIGHLY EFFECTIVE TEENAGERS
260 ## - PUBLICATION, DISTRIBUTION, ETC. (IMPRINT)
Place of publication LONDON
Name of publisher POCKET BOOKS
300 ## - PHYSICAL DESCRIPTION
Number of Pages 272
650 ## - SUBJECT ADDED ENTRY--TOPICAL TERM
Topical Term PERSONALITY DEVELOPMENT
Geographic subdivision UK
942 ## - ADDED ENTRY ELEMENTS (KOHA)
Koha item type Books
Holdings
Withdrawn status Lost status Collection code Home library Current library Shelving location Date acquired Source of acquisition Full call number Accession Number Koha item type
    Reference Main Library Main Library SHELF-17G-PERSONALITY DEVELOPMENT BOOKS 03/12/2013 PURCHASE 158 CON/S 07569 Books